[Event "IM Round Robin-Orbis 2018"]
[Site "Paracin hotel Orbis"]
[Date "2018.07.15"]
[Round "3.1"]
[White "Ozenir, Ekin Baris"]
[Black "Avalyan, Artur"]
[Result "1/2-1/2"]
[BlackElo "2315"]
[WhiteElo "2300"]
[LiveChessVersion "1.4.8"]

1. d4 {[%clk 1:30:53]} d5 {[%clk 1:30:50]} 2. c4 {[%clk 1:31:05]} e6
{[%clk 1:31:15]} 3. Nc3 {[%clk 1:31:19]} Nf6 {[%clk 1:31:39]} 4. cxd5
{[%clk 1:31:17]} Nxd5 {[%clk 1:31:53]} 5. e4 {[%clk 1:31:08]} Nxc3
{[%clk 1:32:18]} 6. bxc3 {[%clk 1:31:34]} c5 {[%clk 1:32:44]} 7. Rb1
{[%clk 1:31:28]} cxd4 {[%clk 1:32:51]} 8. cxd4 {[%clk 1:31:29]} Nc6
{[%clk 1:32:57]} 9. Bb5 {[%clk 1:28:04]} a6 {[%clk 1:33:15]} 10. Bxc6+
{[%clk 1:27:53]} bxc6 {[%clk 1:33:42]} 11. Nf3 {[%clk 1:27:02]} c5
{[%clk 1:32:11]} 12. O-O {[%clk 1:24:59]} cxd4 {[%clk 1:26:22]} 13. Nxd4
{[%clk 1:23:31]} Bd6 {[%clk 1:14:51]} 14. Be3 {[%clk 1:09:44]} O-O
{[%clk 1:07:08]} 15. Qd2 {[%clk 1:06:07]} Bd7 {[%clk 0:57:37]} 16. Rfc1
{[%clk 0:52:48]} Rb8 {[%clk 0:54:27]} 17. Rb3 {[%clk 0:46:17]} Ba4
{[%clk 0:43:22]} 18. Rd3 {[%clk 0:38:21]} 1/2-1/2

[Event "IM Round Robin-Orbis 2018"]
[Site "Paracin hotel Orbis"]
[Date "2018.07.15"]
[Round "3.2"]
[White "Sredojevic, Ivan"]
[Black "Bergsson, Stefan"]
[Result "1-0"]
[BlackElo "2192"]
[WhiteElo "2298"]
[LiveChessVersion "1.4.8"]

1. e4 c5 2. Nf3 e6 3. d4 cxd4 4. Nxd4 Nc6 5. Nc3 Qc7 6. Be2 Nf6 7. O-O a6 8. Be3
b5 9. a3 Bb7 10. g4 h5 11. gxh5 b4 12. axb4 Bxb4 13. Nxc6 Bxc6 14. Qd4 Bxc3 15.
Qxc3 Nxe4 16. Qa5 Qd6 17. Rad1 Qe7 18. f3 Nf6 19. h6 Nd5 20. hxg7 Rg8 21. Bh6 Qh4
22. Qd2 Rb8 23. Kh1 Rb4 24. c4 Rxc4 25. Bg5 Qh5 26. Bxc4 Rxg7 27. Bf4 Nf6 28. Qe2
Rg4 29. Qe5 Rxf4 30. Qxf4 Ng4 31. Rd2 f5 32. Bxe6 dxe6 33. Qb8+ Kf7 34. Qc7+ Kf6
35. Qxc6 Qh3 36. Qc3+ Kg6 37. Rg1 1-0

[Event "IM Round Robin-Orbis 2018"]
[Site "Paracin hotel Orbis"]
[Date "2018.07.15"]
[Round "3.3"]
[White "Isha, Sharma"]
[Black "Markovic, Milan D"]
[Result "1/2-1/2"]
[BlackElo "2312"]
[WhiteElo "2062"]
[LiveChessVersion "1.4.8"]

1. e4 {[%clk 1:30:49]} c5 {[%clk 1:30:44]} 2. Nf3 {[%clk 1:31:13]} f5
{[%clk 1:30:59]} 3. exf5 {[%clk 1:28:39]} Nh6 {[%clk 1:31:19]} 4. Ne5
{[%clk 1:25:49]} Qc7 {[%clk 1:30:50]} 5. Qh5+ {[%clk 1:25:38]} Kd8
{[%clk 1:30:41]} 6. Nf3 {[%clk 1:20:40]} Nc6 {[%clk 1:26:27]} 7. Nc3
{[%clk 1:16:04]} Nd4 {[%clk 1:24:15]} 8. Bd3 {[%clk 1:15:55]} Qf4
{[%clk 1:16:34]} 9. Nxd4 {[%clk 1:12:46]} cxd4 {[%clk 1:16:51]} 10. Ne2
{[%clk 1:11:51]} Qe5 {[%clk 1:16:56]} 11. Qf3 {[%clk 1:10:58]} d6
{[%clk 1:15:48]} 12. O-O {[%clk 1:10:48]} g6 {[%clk 1:14:55]} 13. fxg6
{[%clk 1:09:46]} Ng4 {[%clk 1:10:17]} 14. Qf4 {[%clk 1:09:09]} hxg6
{[%clk 1:09:07]} 15. Qxe5 {[%clk 1:09:33]} Nxe5 {[%clk 1:08:02]} 16. Be4
{[%clk 1:09:02]} d3 {[%clk 1:04:58]} 17. cxd3 {[%clk 1:08:50]} Bf5
{[%clk 1:03:53]} 18. Nd4 {[%clk 1:03:40]} Bxe4 {[%clk 1:00:49]} 19. dxe4
{[%clk 1:04:04]} Nd3 {[%clk 1:01:14]} 20. Nf3 {[%clk 0:50:15]} Rc8
{[%clk 0:59:11]} 21. Rd1 {[%clk 0:50:23]} Bg7 {[%clk 0:29:07]} 22. Ne1
{[%clk 0:50:39]} Nf4 {[%clk 0:26:30]} 23. h3 {[%clk 0:50:28]} Rf8
{[%clk 0:24:25]} 24. Kf1 {[%clk 0:50:15]} Bd4 {[%clk 0:22:11]} 25. Nf3
{[%clk 0:50:25]} Bb6 {[%clk 0:22:34]} 26. d4 {[%clk 0:49:56]} Nxh3
{[%clk 0:22:56]} 27. Bh6 {[%clk 0:45:06]} Rf7 {[%clk 0:21:27]} 28. Rac1
{[%clk 0:45:30]} Rxc1 {[%clk 0:20:30]} 29. Rxc1 {[%clk 0:43:20]} g5
{[%clk 0:18:33]} 30. Rc4 {[%clk 0:41:10]} g4 {[%clk 0:16:36]} 31. gxh3
{[%clk 0:41:09]} gxf3 {[%clk 0:16:38]} 32. h4 {[%clk 0:40:56]} d5
{[%clk 0:14:37]} 33. exd5 {[%clk 0:41:04]} Kd7 {[%clk 0:14:27]} 34. Be3
{[%clk 0:35:05]} Rh7 {[%clk 0:12:40]} 35. Bg5 {[%clk 0:35:30]} Rf7
{[%clk 0:12:41]} 1/2-1/2

[Event "IM Round Robin-Orbis 2018"]
[Site "Paracin hotel Orbis"]
[Date "2018.07.15"]
[Round "3.5"]
[White "Scott, Luke"]
[Black "Brankovic, Dejan"]
[Result "0-1"]
[BlackElo "2377"]
[WhiteElo "1887"]
[LiveChessVersion "1.4.8"]

1. d4 {[%clk 1:30:56]} Nf6 {[%clk 1:30:10]} 2. c4 {[%clk 1:31:20]} c5
{[%clk 1:30:35]} 3. d5 {[%clk 1:30:55]} e6 {[%clk 1:30:59]} 4. Nc3
{[%clk 1:31:12]} exd5 {[%clk 1:31:24]} 5. cxd5 {[%clk 1:31:33]} d6
{[%clk 1:31:51]} 6. e4 {[%clk 1:30:36]} g6 {[%clk 1:32:16]} 7. Nf3
{[%clk 1:20:28]} Bg7 {[%clk 1:32:30]} 8. Be2 {[%clk 1:11:03]} O-O
{[%clk 1:32:21]} 9. O-O {[%clk 1:11:29]} Re8 {[%clk 1:32:24]} 10. Nd2
{[%clk 1:11:34]} Na6 {[%clk 1:31:51]} 11. f3 {[%clk 1:09:09]} Nc7
{[%clk 1:31:04]} 12. a4 {[%clk 1:08:27]} b6 {[%clk 1:24:55]} 13. Re1
{[%clk 0:59:15]} Nh5 {[%clk 1:17:30]} 14. g3 {[%clk 0:35:34]} Bd4+
{[%clk 1:14:50]} 15. Kh1 {[%clk 0:34:27]} Bf2 {[%clk 1:06:49]} 16. Nf1
{[%clk 0:21:21]} f5 {[%clk 0:54:23]} 17. Be3 {[%clk 0:19:36]} Bxe1
{[%clk 0:43:37]} 18. Qxe1 {[%clk 0:19:58]} Qf6 {[%clk 0:39:00]} 19. Nd2
{[%clk 0:17:16]} Ba6 {[%clk 0:34:11]} 20. Bxa6 {[%clk 0:13:58]} Nxa6
{[%clk 0:34:39]} 21. Qe2 {[%clk 0:13:44]} Nc7 {[%clk 0:33:17]} 22. Rf1
{[%clk 0:13:50]} f4 {[%clk 0:20:08]} 23. Bxf4 {[%clk 0:11:34]} Nxf4
{[%clk 0:20:33]} 24. gxf4 {[%clk 0:11:59]} Qxf4 {[%clk 0:20:49]} 25. Rg1
{[%clk 0:12:10]} a6 {[%clk 0:18:54]} 26. Rg4 {[%clk 0:11:18]} Qf6
{[%clk 0:18:18]} 27. h4 {[%clk 0:08:00]} b5 {[%clk 0:17:29]} 28. Qg2
{[%clk 0:08:21]} Kh8 {[%clk 0:15:56]} 0-1

[Event "IM Round Robin-Orbis 2018"]
[Site "Paracin hotel Orbis"]
[Date "2018.07.16"]
[Round "4.1"]
[White "Avalyan, Artur"]
[Black "Brankovic, Dejan"]
[Result "1-0"]
[BlackElo "2377"]
[WhiteElo "2315"]
[LiveChessVersion "1.4.8"]

1. d4 {[%clk 1:30:52]} Nf6 {[%clk 1:30:49]} 2. c4 {[%clk 1:31:18]} g6
{[%clk 1:30:50]} 3. Nc3 {[%clk 1:31:43]} Bg7 {[%clk 1:31:13]} 4. e4
{[%clk 1:32:09]} d6 {[%clk 1:31:36]} 5. Be2 {[%clk 1:32:27]} O-O {[%clk 1:31:20]}
6. Be3 {[%clk 1:32:54]} Na6 {[%clk 1:30:38]} 7. Nf3 {[%clk 1:33:09]} e5
{[%clk 1:30:14]} 8. d5 {[%clk 1:33:32]} Ng4 {[%clk 1:30:11]} 9. Bg5
{[%clk 1:33:53]} f6 {[%clk 1:30:05]} 10. Bh4 {[%clk 1:34:19]} h5 {[%clk 1:29:43]}
11. Nd2 {[%clk 1:34:31]} c5 {[%clk 1:28:59]} 12. h3 {[%clk 1:32:58]} Nh6
{[%clk 1:29:11]} 13. O-O {[%clk 1:33:14]} g5 {[%clk 1:01:53]} 14. Bg3
{[%clk 1:33:29]} g4 {[%clk 1:02:20]} 15. hxg4 {[%clk 1:16:37]} hxg4
{[%clk 1:00:53]} 16. f3 {[%clk 0:59:05]} f5 {[%clk 0:58:28]} 17. fxg4
{[%clk 0:58:00]} f4 {[%clk 0:57:02]} 18. Bh2 {[%clk 0:52:57]} Qg5
{[%clk 0:40:13]} 19. Nf3 {[%clk 0:51:12]} Qxg4 {[%clk 0:40:11]} 20. Nxe5
{[%clk 0:46:01]} Qg5 {[%clk 0:40:23]} 21. Nf3 {[%clk 0:37:14]} Qh5
{[%clk 0:35:46]} 22. Qd2 {[%clk 0:32:04]} Ng4 {[%clk 0:24:37]} 23. Bxf4
{[%clk 0:16:03]} Bd7 {[%clk 0:16:57]} 24. Nh2 {[%clk 0:13:53]} Bd4+
{[%clk 0:17:08]} 25. Kh1 {[%clk 0:13:26]} Rf6 {[%clk 0:10:00]} 26. Bxg4
{[%clk 0:11:24]} Bxg4 {[%clk 0:10:10]} 27. e5 {[%clk 0:09:29]} dxe5
{[%clk 0:09:04]} 28. Bg5 {[%clk 0:09:22]} Rg6 {[%clk 0:04:51]} 29. Ne4
{[%clk 0:09:43]} Kh8 {[%clk 0:03:41]} 30. Rf7 {[%clk 0:08:17]} Rag8
{[%clk 0:03:12]} 31. Bf6+ {[%clk 0:08:17]} Rxf6 {[%clk 0:03:37]} 32. Nxf6
{[%clk 0:08:34]} Qxf7 {[%clk 0:03:49]} 33. Qh6+ {[%clk 0:08:59]} 1-0

[Event "IM Round Robin-Orbis 2018"]
[Site "Paracin hotel Orbis"]
[Date "2018.07.16"]
[Round "4.2"]
[White "Konaplev, Anton"]
[Black "Scott, Luke"]
[Result "1-0"]
[BlackElo "1887"]
[WhiteElo "2316"]
[LiveChessVersion "1.4.8"]

1. Nf3 Nf6 2. c4 c5 3. a3 Nc6 4. e3 d5 5. cxd5 Nxd5 6. d4 cxd4 7. Nxd4 Nxd4 8.
Qxd4 Qc7 9. Bd2 Nb6 10. Nc3 e5 11. Qe4 a6 12. Rc1 Qd6 13. f4 f5 14. Qxe5+ Qxe5
15. fxe5 Be6 16. e4 Be7 17. exf5 Bxf5 18. Be2 O-O 19. Bf3 Rae8 20. O-O Bc5+ 21.
Kh1 Rxe5 22. Bxb7 Bd3 23. Rxf8+ Kxf8 24. Bf4 Rf5 25. g3 g5 26. Rd1 Bc2 27. Bd6+
Bxd6 28. Rxd6 Nc4 29. Re6 a5 30. Ne2 Nxb2 31. Nd4 Rf2 32. Re5 g4 33. Rxa5 Nc4 34.
Ra8+ Ke7 35. Kg1 Rd2 36. Nxc2 Rxc2 37. Be4 Ra2 38. Bxh7 Ne3 39. Be4 Kf6 40. Ra5
Nc4 41. Rf5+ Ke6 42. Rc5 Ne3 43. Ra5 Kd6 44. a4 Nc4 45. Rd5+ Ke7 46. Bd3 Rxa4 47.
Rg5 Ra1+ 48. Kf2 Ra2+ 49. Be2 1-0

[Event "IM Round Robin-Orbis 2018"]
[Site "Paracin hotel Orbis"]
[Date "2018.07.16"]
[Round "4.4"]
[White "Bergsson, Stefan"]
[Black "Isha, Sharma"]
[Result "0-1"]
[BlackElo "2062"]
[WhiteElo "2192"]
[LiveChessVersion "1.4.8"]

1. e4 {[%clk 1:30:54]} d6 {[%clk 1:30:53]} 2. d4 {[%clk 1:31:16]} Nf6
{[%clk 1:31:08]} 3. Nc3 {[%clk 1:31:14]} e5 {[%clk 1:31:31]} 4. Nf3
{[%clk 1:31:34]} Nbd7 {[%clk 1:31:54]} 5. Bc4 {[%clk 1:31:38]} Be7
{[%clk 1:32:17]} 6. a4 {[%clk 1:31:58]} O-O {[%clk 1:32:11]} 7. O-O
{[%clk 1:32:18]} c6 {[%clk 1:32:35]} 8. Qe2 {[%clk 1:31:42]} exd4
{[%clk 1:29:05]} 9. Nxd4 {[%clk 1:32:00]} Ne5 {[%clk 1:28:50]} 10. Ba2
{[%clk 1:31:51]} Re8 {[%clk 1:28:30]} 11. h3 {[%clk 1:29:54]} Bf8
{[%clk 1:26:51]} 12. Bg5 {[%clk 1:18:26]} h6 {[%clk 1:22:55]} 13. Bxf6
{[%clk 1:15:28]} Qxf6 {[%clk 1:23:19]} 14. f4 {[%clk 1:15:46]} Ng6
{[%clk 1:18:08]} 15. e5 {[%clk 1:16:02]} Qd8 {[%clk 1:13:12]} 16. e6
{[%clk 0:57:42]} Nh8 {[%clk 1:06:42]} 17. f5 {[%clk 0:47:59]} d5 {[%clk 1:04:38]}
18. Rae1 {[%clk 0:47:54]} Bc5 {[%clk 1:02:13]} 19. exf7+ {[%clk 0:39:20]} Kxf7
{[%clk 1:02:36]} 20. Qh5+ {[%clk 0:34:50]} Kf8 {[%clk 1:03:00]} 21. Rxe8+
{[%clk 0:35:03]} Qxe8 {[%clk 1:03:26]} 22. Qh4 {[%clk 0:32:03]} Qe3+
{[%clk 0:39:45]} 23. Kh1 {[%clk 0:31:41]} Bxd4 {[%clk 0:21:34]} 24. Nxd5
{[%clk 0:31:22]} cxd5 {[%clk 0:20:53]} 25. Qd8+ {[%clk 0:31:18]} Qe8
{[%clk 0:21:18]} 26. Qxd5 {[%clk 0:29:43]} Be5 {[%clk 0:17:57]} 27. Re1
{[%clk 0:09:22]} Nf7 {[%clk 0:18:06]} 28. Qc5+ {[%clk 0:04:59]} Qe7
{[%clk 0:18:03]} 29. Qc4 {[%clk 0:05:03]} Qc7 {[%clk 0:16:35]} 30. Qg4
{[%clk 0:04:13]} Bd7 {[%clk 0:10:31]} 31. Qg6 {[%clk 0:03:50]} Be8
{[%clk 0:09:41]} 32. Qh7 {[%clk 0:04:04]} Rd8 {[%clk 0:09:23]} 0-1

[Event "IM Round Robin-Orbis 2018"]
[Site "Paracin hotel Orbis"]
[Date "2018.07.16"]
[Round "4.5"]
[White "Ozenir, Ekin Baris"]
[Black "Sredojevic, Ivan"]
[Result "1-0"]
[BlackElo "2298"]
[WhiteElo "2300"]
[LiveChessVersion "1.4.8"]

1. d4 {[%clk 1:30:57]} d6 {[%clk 1:27:43]} 2. e4 {[%clk 1:30:03]} Nf6
{[%clk 1:26:56]} 3. Bd3 {[%clk 1:28:20]} g6 {[%clk 1:26:44]} 4. Nf3
{[%clk 1:28:00]} Bg7 {[%clk 1:27:05]} 5. c3 {[%clk 1:27:26]} O-O {[%clk 1:27:27]}
6. O-O {[%clk 1:27:34]} Nc6 {[%clk 1:27:33]} 7. Be3 {[%clk 1:26:20]} e5
{[%clk 1:27:50]} 8. Nbd2 {[%clk 1:24:33]} Ng4 {[%clk 1:26:31]} 9. Bg5
{[%clk 1:23:46]} Bf6 {[%clk 1:26:54]} 10. Bxf6 {[%clk 1:20:29]} Nxf6
{[%clk 1:27:15]} 11. Re1 {[%clk 1:09:10]} Bg4 {[%clk 1:25:12]} 12. h3
{[%clk 1:07:30]} Bd7 {[%clk 1:16:54]} 13. Bf1 {[%clk 1:01:12]} h6
{[%clk 1:11:15]} 14. Qb3 {[%clk 0:52:19]} b6 {[%clk 1:09:05]} 15. Rad1
{[%clk 0:47:31]} Re8 {[%clk 1:04:08]} 16. Qc2 {[%clk 0:39:48]} a5
{[%clk 1:00:35]} 17. dxe5 {[%clk 0:36:31]} Nxe5 {[%clk 0:58:06]} 18. Nd4
{[%clk 0:29:52]} Qe7 {[%clk 0:55:09]} 19. g3 {[%clk 0:22:31]} Rad8
{[%clk 0:46:19]} 20. Bg2 {[%clk 0:19:18]} h5 {[%clk 0:41:12]} 21. f4
{[%clk 0:13:04]} Nc6 {[%clk 0:41:35]} 22. Nxc6 {[%clk 0:12:19]} Bxc6
{[%clk 0:41:58]} 23. b4 {[%clk 0:09:12]} Ba8 {[%clk 0:32:48]} 24. Kh2
{[%clk 0:06:12]} Nh7 {[%clk 0:25:17]} 25. bxa5 {[%clk 0:05:24]} bxa5
{[%clk 0:25:42]} 26. Qd3 {[%clk 0:03:57]} h4 {[%clk 0:25:21]} 27. g4
{[%clk 0:03:20]} g5 {[%clk 0:24:33]} 28. Rf1 {[%clk 0:01:29]} d5 {[%clk 0:21:26]}
29. e5 {[%clk 0:01:03]} gxf4 {[%clk 0:21:25]} 30. Rde1 {[%clk 0:01:10]} f6
{[%clk 0:13:44]} 31. e6 {[%clk 0:00:55]} Qd6 {[%clk 0:11:06]} 32. Nf3
{[%clk 0:00:53]} Kh8 {[%clk 0:07:40]} 33. Qf5 {[%clk 0:00:49]} d4
{[%clk 0:07:54]} 34. cxd4 {[%clk 0:00:47]} Bd5 {[%clk 0:08:00]} 35. e7
{[%clk 0:00:50]} Rxe7 {[%clk 0:08:07]} 36. Rxe7 {[%clk 0:01:15]} Qxe7
{[%clk 0:08:34]} 37. Nxh4 {[%clk 0:01:12]} Qe3 {[%clk 0:04:46]} 38. Rxf4
{[%clk 0:00:39]} Bxg2 {[%clk 0:04:57]} 39. Nxg2 {[%clk 0:01:03]} Qd2
{[%clk 0:05:20]} 40. Re4 {[%clk 0:30:46]} Qg5 {[%clk 0:34:57]} 41. h4
{[%clk 0:23:54]} Qxf5 {[%clk 0:32:57]} 42. gxf5 {[%clk 0:24:14]} Rb8
{[%clk 0:33:26]} 43. Nf4 {[%clk 0:21:23]} a4 {[%clk 0:29:51]} 44. Kg3
{[%clk 0:16:44]} Nf8 {[%clk 0:27:01]} 45. d5 {[%clk 0:15:24]} Nd7
{[%clk 0:26:47]} 46. Rxa4 {[%clk 0:14:08]} Ne5 {[%clk 0:25:35]} 47. h5
{[%clk 0:13:13]} Kg7 {[%clk 0:25:56]} 48. Ra7 {[%clk 0:12:41]} Kh6
{[%clk 0:26:15]} 49. Rxc7 {[%clk 0:11:30]} Ra8 {[%clk 0:26:43]} 50. Rc2
{[%clk 0:10:53]} Ra3+ {[%clk 0:27:02]} 51. Kg2 {[%clk 0:09:35]} Kg5
{[%clk 0:27:14]} 52. Ne6+ {[%clk 0:07:02]} Kxh5 {[%clk 0:25:53]} 53. d6
{[%clk 0:05:34]} Kg4 {[%clk 0:25:02]} 54. Nc5 {[%clk 0:04:21]} Rg3+
{[%clk 0:24:14]} 55. Kf1 {[%clk 0:03:57]} Kxf5 {[%clk 0:23:25]} 56. Rf2+
{[%clk 0:03:59]} Kg6 {[%clk 0:23:17]} 57. d7 {[%clk 0:04:09]} Nc6
{[%clk 0:23:39]} 58. Ne4 {[%clk 0:04:00]} 1-0

[Event "IM Round Robin-Orbis 2018"]
[Site "Paracin hotel Orbis"]
[Date "2018.07.17"]
[Round "5.2"]
[White "Isha, Sharma"]
[Black "Ozenir, Ekin Baris"]
[Result "1/2-1/2"]
[BlackElo "2300"]
[WhiteElo "2062"]
[LiveChessVersion "1.4.8"]

1. e4 Nc6 2. Nf3 d6 3. d4 Nf6 4. Nc3 g6 5. h3 Bg7 6. Be3 O-O 7. Qd2 e5 8. dxe5
dxe5 9. O-O-O Qe7 10. Bc4 b6 11. Nd5 Nxd5 12. Bxd5 Bb7 13. Qc3 Nb4 14. Bb3 c5 15.
Bg5 Qc7 16. Rhe1 a5 17. a3 Nc6 18. Bd5 Nd4 19. Nxd4 exd4 20. Qd2 Bxd5 21. exd5
Qd7 22. Be7 Qxd5 23. Bxf8 Qa2 24. Qf4 Rxf8 25. Kd2 Qxb2 26. Ke2 Qxa3 27. Rb1 Qc3
28. Qd2 Qc4+ 29. Qd3 Qd5 30. Rxb6 Qxg2 31. Qg3 Qd5 32. Kd1 c4 33. Rb8 a4 34. Ree8
Qh1+ 35. Ke2 Qd5 36. Qa3 Qh5+ 37. f3 Qh6 38. Ra8 c3 39. Qxa4 Qxh3 40. Rxf8+ Bxf8
41. Qxd4 Qg2+ 42. Ke3 Qxc2 43. Rxf8+ Kxf8 44. Qd8+ Kg7 45. Qd4+ f6 46. Qd7+ Kg8
47. Qe8+ Kg7 48. Qd7+ 1/2-1/2

[Event "IM Round Robin-Orbis 2018"]
[Site "Paracin hotel Orbis"]
[Date "2018.07.17"]
[Round "5.3"]
[White "Milanovic, Slavisa"]
[Black "Bergsson, Stefan"]
[Result "1-0"]
[BlackElo "2192"]
[WhiteElo "2370"]
[LiveChessVersion "1.4.8"]

1. c4 {[%clk 1:30:53]} c5 {[%clk 1:28:33]} 2. Nf3 {[%clk 1:30:57]} Nc6
{[%clk 1:28:15]} 3. d4 {[%clk 1:31:07]} cxd4 {[%clk 1:26:59]} 4. Nxd4
{[%clk 1:31:26]} Nf6 {[%clk 1:22:35]} 5. Nc3 {[%clk 1:30:13]} Qb6
{[%clk 1:22:32]} 6. Nc2 {[%clk 1:14:43]} e6 {[%clk 1:20:32]} 7. g3
{[%clk 1:08:23]} d5 {[%clk 1:17:27]} 8. cxd5 {[%clk 1:02:17]} exd5
{[%clk 1:16:48]} 9. Nxd5 {[%clk 0:53:31]} Nxd5 {[%clk 1:16:41]} 10. Qxd5
{[%clk 0:53:48]} Be6 {[%clk 1:16:32]} 11. Qe4 {[%clk 0:49:21]} Bc5
{[%clk 1:05:34]} 12. Be3 {[%clk 0:43:56]} Qxb2 {[%clk 0:55:41]} 13. Bh3
{[%clk 0:31:31]} Bxe3 {[%clk 0:26:16]} 14. Bxe6 {[%clk 0:28:32]} Qc3+
{[%clk 0:24:26]} 15. Kf1 {[%clk 0:28:21]} fxe6 {[%clk 0:20:45]} 16. fxe3
{[%clk 0:23:13]} O-O+ {[%clk 0:21:04]} 17. Kg2 {[%clk 0:23:31]} Rad8
{[%clk 0:14:30]} 18. Rhf1 {[%clk 0:19:45]} e5 {[%clk 0:09:36]} 19. Rxf8+
{[%clk 0:15:29]} Rxf8 {[%clk 0:09:49]} 20. Rd1 {[%clk 0:15:41]} Na5
{[%clk 0:06:40]} 21. Rd7 {[%clk 0:07:29]} Qc8 {[%clk 0:04:53]} 22. Qd5+
{[%clk 0:07:05]} Kh8 {[%clk 0:05:20]} 23. Qd6 {[%clk 0:06:48]} Nc4
{[%clk 0:02:37]} 24. Qc7 {[%clk 0:05:31]} Qe8 {[%clk 0:02:46]} 25. Re7
{[%clk 0:03:46]} Qb5 {[%clk 0:02:29]} 26. Rxg7 {[%clk 0:03:24]} Qd5+
{[%clk 0:01:00]} 27. Kh3 {[%clk 0:03:12]} Qe6+ {[%clk 0:01:29]} 28. Rg4
{[%clk 0:01:47]} Rg8 {[%clk 0:01:17]} 29. Qxc4 {[%clk 0:02:09]} Qh6+
{[%clk 0:00:00]} 1-0

[Event "IM Round Robin-Orbis 2018"]
[Site "Paracin hotel Orbis"]
[Date "2018.07.17"]
[Round "5.4"]
[White "Scott, Luke"]
[Black "Markovic, Milan D"]
[Result "1-0"]
[BlackElo "2312"]
[WhiteElo "1887"]
[LiveChessVersion "1.4.8"]

1. d4 {[%clk 1:30:57]} Nf6 {[%clk 1:30:43]} 2. c4 {[%clk 1:31:22]} e5
{[%clk 1:31:07]} 3. dxe5 {[%clk 1:30:37]} Ng4 {[%clk 1:31:18]} 4. a3
{[%clk 1:10:09]} Nc6 {[%clk 1:26:52]} 5. Nf3 {[%clk 1:05:20]} Bc5
{[%clk 1:25:27]} 6. e3 {[%clk 1:05:15]} a5 {[%clk 1:25:49]} 7. Be2
{[%clk 1:02:16]} O-O {[%clk 1:24:14]} 8. Nbd2 {[%clk 1:00:53]} Bxe3
{[%clk 1:12:51]} 9. fxe3 {[%clk 1:00:17]} Nxe3 {[%clk 1:13:15]} 10. Qb3
{[%clk 1:00:06]} Nxg2+ {[%clk 1:13:37]} 11. Kf2 {[%clk 0:48:13]} a4
{[%clk 1:13:02]} 12. Qc3 {[%clk 0:47:38]} Nf4 {[%clk 1:09:50]} 13. Re1
{[%clk 0:47:41]} d6 {[%clk 1:01:41]} 14. exd6 {[%clk 0:43:52]} Nh3+
{[%clk 0:59:51]} 15. Kg2 {[%clk 0:42:32]} Nf4+ {[%clk 0:54:29]} 16. Kf2
{[%clk 0:41:43]} Re8 {[%clk 0:39:53]} 17. dxc7 {[%clk 0:33:12]} Qxc7
{[%clk 0:22:53]} 18. Nf1 {[%clk 0:25:17]} Nh3+ {[%clk 0:22:18]} 19. Kg2
{[%clk 0:25:29]} Bg4 {[%clk 0:21:08]} 20. Bd2 {[%clk 0:22:31]} Ne7
{[%clk 0:19:49]} 21. Ng1 {[%clk 0:13:12]} Qc6+ {[%clk 0:05:32]} 22. Bf3
{[%clk 0:11:55]} Bxf3+ {[%clk 0:05:25]} 23. Qxf3 {[%clk 0:11:18]} Nxg1
{[%clk 0:05:42]} 24. Qxc6 {[%clk 0:11:28]} Nxc6 {[%clk 0:06:08]} 25. Ne3
{[%clk 0:05:22]} Rad8 {[%clk 0:03:57]} 26. Rad1 {[%clk 0:05:34]} Nd4
{[%clk 0:01:59]} 27. Rxg1 {[%clk 0:05:03]} Nb3 {[%clk 0:02:22]} 28. Bc3
{[%clk 0:05:02]} f6 {[%clk 0:02:08]} 29. Rxd8 {[%clk 0:05:10]} Rxd8
{[%clk 0:02:33]} 30. Rd1 {[%clk 0:05:33]} Re8 {[%clk 0:02:59]} 31. Kf3
{[%clk 0:05:42]} Nc5 {[%clk 0:03:19]} 32. Bb4 {[%clk 0:04:54]} Ne6
{[%clk 0:03:13]} 33. h4 {[%clk 0:04:35]} g5 {[%clk 0:03:23]} 34. Ng4
{[%clk 0:04:18]} f5 {[%clk 0:00:42]} 35. Nf6+ {[%clk 0:04:26]} Kf7
{[%clk 0:01:07]} 36. Nxe8 {[%clk 0:04:45]} g4+ {[%clk 0:01:33]} 37. Kf2
{[%clk 0:04:58]} Kxe8 {[%clk 0:01:53]} 38. Re1 {[%clk 0:04:28]} Kf7
{[%clk 0:02:18]} 39. Rxe6 {[%clk 0:03:52]} Kxe6 {[%clk 0:02:43]} 40. Ke3
{[%clk 0:34:20]} h5 {[%clk 0:33:01]} 41. Kf4 {[%clk 0:34:45]} b6 {[%clk 0:33:05]}
42. Bc3 {[%clk 0:35:06]} Kd6 {[%clk 0:33:29]} 43. Bd4 {[%clk 0:35:16]} Kc6
{[%clk 0:33:53]} 44. Kxf5 {[%clk 0:35:33]} b5 {[%clk 0:34:18]} 45. cxb5+
{[%clk 0:34:54]} Kxb5 {[%clk 0:34:39]} 46. Be5 {[%clk 0:35:06]} 1-0